书目信息 |
| 题名: |
“九二○”的应用和土法生产
|
|
| 作者: | ;上海市"九二○"协作组 编 | |
| 分册: | ||
| 出版信息: | 上海 上海人民出版社 1973 |
|
| 页数: | 201页 | |
| 开本: | 19cm | |
| 丛书名: | ||
| 单 册: | ||
| 中图分类: | TQ45 | |
| 科图分类: | ||
| 主题词: | 农药--化学工业 | |
| 电子资源: | ||
| ISBN: | ||
| 000 | 00635nam0 2200205 45 | |
| 001 | 0405181093 | |
| 005 | 20060518090050.57 | |
| 010 | @dCNY0.39 | |
| 091 | @a16171.8 | |
| 100 | @a20040518d1973 km y0chiy0120 ea | |
| 101 | 0 | @achi |
| 200 | 1 | @a“九二○”的应用和土法生产@A“Jiu Er○”De Ying Yong He Tu Fa Sheng Chan@f上海市"九二○"协作组编@Fshang hai shi"jiu er○"xie zuo zu bian |
| 205 | @a2版 | |
| 210 | @a上海@c上海人民出版社@d1973 | |
| 215 | @a201页@d19cm | |
| 606 | 0 | @a农药@x化学工业 |
| 690 | @aTQ45@v3 | |
| 711 | 0 | @a上海市"九二○"协作组@Ashang hai shi"jiu er○"xie zuo zu@4编 |
| 801 | @aCN@bTSTCL@c20060518 | |
| 905 | @dTQ45@e5 | |
| “九二○”的应用和土法生产/上海市"九二○"协作组编.-2版.-上海:上海人民出版社,1973 |
| 201页;19cm |
| ISBN :CNY0.39 |
| ● |
| 相关链接 |
|
|
|
|
正题名:"九二○"的应用和土法生产
索取号:TQ45/5
 
预约/预借
| 序号 | 登录号 | 条形码 | 馆藏地/架位号 | 状态 | 备注 |
| 1 | 0016676 | 202356903 | 密集书库/ [索取号:TQ45/5] | 在馆 | |
| 2 | 0016677 | 202257146 | 密集书库/ [索取号:TQ45/5] | 在馆 | |
| 3 | 0016678 | 202257137 | 密集书库/ [索取号:TQ45/5] | 在馆 | |
| 4 | 0016679 | 202356869 | 密集书库/ [索取号:TQ45/5] | 在馆 | |
| 5 | 0016680 | 001647819 | 第二样本阅览室/ [索取号:TQ45/5] | 在馆 |